[Event "GER-ch Youth U14 2019"]
[Site "Willingen"]
[Date "2019.06.09"]
[Round "2.13"]
[White "Kosev, Momchil"]
[Black "Gutewort, Paul Emil"]
[Result "1/2-1/2"]
[WhiteElo "1827"]
[BlackElo "1708"]
[Annotator "NA"]
[PlyCount "44"]
[EventDate "2019.06.07"]
[EventType "swiss"]
[EventRounds "9"]
[EventCountry "GER"]
[SourceTitle "playchess.com"]
[Source "ChessBase"]
[SourceQuality "1"]
[TimeControl "40/5400+30:1800+30"]

1. d4 {[%emt 0:00:00]} d5 {[%emt 0:00:00]} 2. Bf4 {[%emt 0:00:00]} Nf6 {[%emt 0:00:00]} 3. e3 {[%emt 0:00:00]} Bf5 {[%emt 0:00:00]} 4. Nf3 {[%emt 0:01:39]} e6 {[%emt 0:00:00]} 5. Ne5 {[%emt 0:02:07]} Bd6 {[%emt 0:01:29]} 6. Be2 {[%emt 0:06:29]} O-O {[%emt 0:00:36]} 7. g4 {[%emt 0:00:58]} Bg6 {[%emt 0:01:12]} 8. h4 {[%emt 0:00:08]} h6 {[%emt 0:02:32]} 9. g5 {[%emt 0:01:11]} hxg5 {[%emt 0:01:26]} 10. hxg5 {[%emt 0:02:32]} Bxe5 {[%emt 0:01:24]} 11. dxe5 {[%emt 0:02:35]} Nfd7 {[%emt 0:00:41]} 12. Bg4 {[%emt 0:02:19]} Re8 {[%emt 0:01:35]} 13. Nd2 {[%emt 0:01:55]} Nc6 {[%emt 0:01:00]} 14. Nf3 {[%emt 0:01:14]} a6 {[%emt 0:01:11]} 15. Qe2 {[%emt 0:00:40]} Nb4 {[%emt 0:01:56]} 16. Nd4 {[%emt 0:00:17]} c5 {[%emt 0:00:44]} 17. a3 {[%emt 0:00:05]} Qa5 {[%emt 0:05:02]} 18. Qd2 {[%emt 0:19:13]} cxd4 {[%emt 0:01:54]} 19. Qxb4 {[%emt 0:00:06]} Qxb4+ {[%emt 0:00:13]} 20. axb4 {[%emt 0:00:03]} dxe3 {[%emt 0:00:06]} 21. c3 {[%emt 0:01:32]} exf2+ {[%emt 0:00:44]} 22. Kxf2 {[%emt 0:00:03]} f6 {[%emt 0:05:29] normal} 1/2-1/2

[Event "GER-ch Youth U14 2019"]
[Site "Willingen"]
[Date "2019.06.09"]
[Round "2.14"]
[White "Tham, Nam"]
[Black "Sinnhoefer, Joshua"]
[Result "1/2-1/2"]
[WhiteElo "1993"]
[BlackElo "1466"]
[Annotator "NA"]
[PlyCount "68"]
[EventDate "2019.06.07"]
[EventType "swiss"]
[EventRounds "9"]
[EventCountry "GER"]
[SourceTitle "playchess.com"]
[Source "ChessBase"]
[SourceQuality "1"]
[TimeControl "40/5400+30:1800+30"]

1. e4 {[%emt 0:00:00]} e5 {[%emt 0:00:00]} 2. Nf3 {[%emt 0:00:00]} Nc6 {[%emt 0:00:00]} 3. Bc4 {[%emt 0:00:00]} Bc5 {[%emt 0:00:00]} 4. c3 {[%emt 0:00:00]} Nf6 {[%emt 0:00:00]} 5. d3 {[%emt 0:00:00]} a6 {[%emt 0:00:00]} 6. Bb3 {[%emt 0:00:00]} d6 {[%emt 0:00:05]} 7. h3 {[%emt 0:00:00]} Ba7 {[%emt 0:00:15]} 8. Nbd2 {[%emt 0:00:02]} O-O {[%emt 0:00:13]} 9. Nf1 {[%emt 0:00:09]} d5 {[%emt 0:00:10]} 10. Qe2 {[%emt 0:00:04]} Be6 {[%emt 0:00:05]} 11. Ng3 {[%emt 0:00:04]} Qd7 {[%emt 0:00:23]} 12. O-O {[%emt 0:00:07]} dxe4 {[%emt 0:07:11]} 13. dxe4 {[%emt 0:00:49]} Bxb3 {[%emt 0:00:46]} 14. axb3 {[%emt 0:00:05]} Qe6 {[%emt 0:01:04]} 15. b4 {[%emt 0:00:10]} Ne8 {[%emt 0:06:22]} 16. Nf5 {[%emt 0:07:06]} Nd6 {[%emt 0:00:56]} 17. N3h4 {[%emt 0:01:19]} Ne7 {[%emt 0:05:45]} 18. Qg4 {[%emt 0:01:42]} Ng6 {[%emt 0:00:15]} 19. Kh1 {[%emt 0:00:31]} Kh8 {[%emt 0:03:49]} 20. Nf3 {[%emt 0:01:30]} Qc4 {[%emt 0:01:11]} 21. Nd2 {[%emt 0:04:35]} Qd3 {[%emt 0:06:11]} 22. Kg1 {[%emt 0:06:48]} Nxf5 {[%emt 0:04:53]} 23. exf5 {[%emt 0:02:21]} Nf4 {[%emt 0:00:18]} 24. Re1 {[%emt 0:00:08]} f6 {[%emt 0:10:45]} 25. Nf1 {[%emt 0:03:40]} Qc2 {[%emt 0:08:15]} 26. Ne3 {[%emt 0:03:29]} Qb3 {[%emt 0:07:18]} 27. Ra3 {[%emt 0:08:50]} Qf7 {[%emt 0:01:04]} 28. c4 {[%emt 0:01:54]} Rad8 {[%emt 0:02:47]} 29. Rd1 {[%emt 0:02:57]} Rxd1+ {[%emt 0:04:13]} 30. Qxd1 {[%emt 0:00:29]} Qe7 {[%emt 0:02:53]} 31. c5 {[%emt 0:12:06]} Rd8 {[%emt 0:01:48]} 32. Qc2 {[%emt 0:00:55]} Rd4 {[%emt 0:13:21]} 33. Kh2 {[%emt 0:03:32]} Qd7 {[%emt 0:02:33]} 34. c6 {[%emt 0:10:37]} Qc8 {[%emt 0:01:45] normal} 1/2-1/2

[Event "GER-ch Youth U14 2019"]
[Site "Willingen"]
[Date "2019.06.09"]
[Round "2.15"]
[White "Schulemann, Gero"]
[Black "Rockmann, Enno"]
[Result "1-0"]
[WhiteElo "1862"]
[BlackElo "1527"]
[Annotator "NA"]
[PlyCount "49"]
[EventDate "2019.06.07"]
[EventType "swiss"]
[EventRounds "9"]
[EventCountry "GER"]
[SourceTitle "playchess.com"]
[Source "ChessBase"]
[SourceQuality "1"]
[TimeControl "40/5400+30:1800+30"]

1. e4 {[%emt 0:00:00]} e6 {[%emt 0:00:00]} 2. d4 {[%emt 0:00:00]} d5 {[%emt 0:00:00]} 3. Nd2 {[%emt 0:00:01]} c5 {[%emt 0:00:00]} 4. c3 {[%emt 0:03:19]} Nc6 {[%emt 0:00:54]} 5. Ngf3 {[%emt 0:05:32]} Qb6 {[%emt 0:00:43]} 6. exd5 {[%emt 0:01:46]} exd5 {[%emt 0:00:05]} 7. Nb3 {[%emt 0:01:21]} c4 {[%emt 0:01:11]} 8. Nbd2 {[%emt 0:00:25]} Nf6 {[%emt 0:00:18]} 9. Be2 {[%emt 0:01:16]} Bd6 {[%emt 0:00:56]} 10. O-O {[%emt 0:00:46]} O-O {[%emt 0:00:09]} 11. Re1 {[%emt 0:01:28]} Qc7 {[%emt 0:01:14]} 12. Nf1 {[%emt 0:01:02]} Ne4 {[%emt 0:00:58]} 13. Bxc4 {[%emt 0:01:56]} Nxf2 {[%emt 0:00:26]} 14. Kxf2 {[%emt 0:00:14]} dxc4 {[%emt 0:00:03]} 15. Kg1 {[%emt 0:00:52]} Bg4 {[%emt 0:00:16]} 16. Be3 {[%emt 0:02:16]} Rfe8 {[%emt 0:02:53]} 17. h3 {[%emt 0:05:45]} Bh5 {[%emt 0:00:58]} 18. Bf2 {[%emt 0:02:24]} Rxe1 {[%emt 0:00:30]} 19. Bxe1 {[%emt 0:00:18]} Re8 {[%emt 0:00:04]} 20. Bf2 {[%emt 0:01:01]} Qe7 {[%emt 0:09:01]} 21. Ne3 {[%emt 0:03:18]} Bf4 {[%emt 0:03:31]} 22. Nxc4 {[%emt 0:05:04]} b5 {[%emt 0:01:17]} 23. Na3 {[%emt 0:01:58]} Be3 {[%emt 0:01:56]} 24. Qe2 {[%emt 0:03:06]} b4 {[%emt 0:01:56]} 25. Nc4 {[%emt 0:01:29] normal} 1-0

[Event "GER-ch Youth U14 2019"]
[Site "Willingen"]
[Date "2019.06.09"]
[Round "2.16"]
[White "Wang, Xinyuan"]
[Black "Schubert, Nikita"]
[Result "1/2-1/2"]
[WhiteElo "2060"]
[BlackElo "1806"]
[Annotator "NA"]
[PlyCount "64"]
[EventDate "2019.06.07"]
[EventType "swiss"]
[EventRounds "9"]
[EventCountry "GER"]
[SourceTitle "playchess.com"]
[Source "ChessBase"]
[SourceQuality "1"]
[TimeControl "40/5400+30:1800+30"]

1. d4 {[%emt 0:00:00]} Nf6 {[%emt 0:00:00]} 2. c4 {[%emt 0:00:00]} e6 {[%emt 0:00:00]} 3. Nc3 {[%emt 0:00:03]} Bb4 {[%emt 0:00:00]} 4. Qc2 {[%emt 0:00:05]} O-O {[%emt 0:00:00]} 5. a3 {[%emt 0:00:06]} Bxc3+ {[%emt 0:00:06]} 6. Qxc3 {[%emt 0:00:06]} d5 {[%emt 0:00:07]} 7. Bg5 {[%emt 0:00:38]} dxc4 {[%emt 0:08:57]} 8. Qxc4 {[%emt 0:01:26]} b6 {[%emt 0:00:17]} 9. b4 {[%emt 0:01:58]} c6 {[%emt 0:13:35]} 10. Nf3 {[%emt 0:03:32]} Ba6 {[%emt 0:06:12]} 11. Qc2 {[%emt 0:01:57]} h6 {[%emt 0:03:35]} 12. Bxf6 {[%emt 0:05:40]} Qxf6 {[%emt 0:01:31]} 13. g3 {[%emt 0:00:12]} Bb7 {[%emt 0:21:15]} 14. Bg2 {[%emt 0:05:46]} Nd7 {[%emt 0:01:45]} 15. O-O {[%emt 0:00:58]} Rfd8 {[%emt 0:01:46]} 16. Rfd1 {[%emt 0:01:30]} Rac8 {[%emt 0:01:11]} 17. Rab1 {[%emt 0:00:41]} Ba8 {[%emt 0:06:41]} 18. Qa4 {[%emt 0:03:35]} Rc7 {[%emt 0:00:57]} 19. Rbc1 {[%emt 0:10:11]} Rdc8 {[%emt 0:01:01]} 20. Nd2 {[%emt 0:22:11]} c5 {[%emt 0:15:28]} 21. Bxa8 {[%emt 0:04:24]} Rxa8 {[%emt 0:00:19]} 22. bxc5 {[%emt 0:03:09]} bxc5 {[%emt 0:00:32]} 23. Ne4 {[%emt 0:00:52]} Qe7 {[%emt 0:00:19]} 24. Qa5 {[%emt 0:02:04]} Rac8 {[%emt 0:00:16]} 25. dxc5 {[%emt 0:01:22]} Nxc5 {[%emt 0:00:36]} 26. Nd6 {[%emt 0:00:30]} Rd8 {[%emt 0:08:36]} 27. Rxc5 {[%emt 0:01:13]} Rcd7 {[%emt 0:00:16]} 28. Rc6 {[%emt 0:05:00]} Rxd6 {[%emt 0:00:14]} 29. Rdxd6 {[%emt 0:00:07]} Rxd6 {[%emt 0:00:13]} 30. Rxd6 {[%emt 0:00:16]} Qxd6 {[%emt 0:00:04]} 31. Qxa7 {[%emt 0:00:18]} Qd1+ {[%emt 0:00:06]} 32. Kg2 {[%emt 0:00:04]} Qxe2 {[%emt 0:00:05] normal} 1/2-1/2

[Event "GER-ch Youth U14 2019"]
[Site "Willingen"]
[Date "2019.06.09"]
[Round "2.17"]
[White "Seng, Alexander"]
[Black "Matthaei, Jakob"]
[Result "0-1"]
[WhiteElo "1505"]
[BlackElo "1666"]
[Annotator "NA"]
[PlyCount "86"]
[EventDate "2019.06.07"]
[EventType "swiss"]
[EventRounds "9"]
[EventCountry "GER"]
[SourceTitle "playchess.com"]
[Source "ChessBase"]
[SourceQuality "1"]
[TimeControl "40/5400+30:1800+30"]

1. d4 {[%emt 0:00:00]} Nf6 {[%emt 0:00:00]} 2. c4 {[%emt 0:00:00]} e6 {[%emt 0:00:00]} 3. Nc3 {[%emt 0:00:18]} Bb4 {[%emt 0:00:00]} 4. Qc2 {[%emt 0:00:16]} O-O {[%emt 0:00:01]} 5. Nf3 {[%emt 0:00:35]} d5 {[%emt 0:00:37]} 6. e3 {[%emt 0:01:20]} c5 {[%emt 0:01:34]} 7. a3 {[%emt 0:01:31]} Bxc3+ {[%emt 0:00:39]} 8. bxc3 {[%emt 0:00:08]} Nc6 {[%emt 0:05:33]} 9. Bd3 {[%emt 0:00:22]} b6 {[%emt 0:04:59]} 10. a4 {[%emt 0:04:59]} Ba6 {[%emt 0:04:42]} 11. cxd5 {[%emt 0:05:01]} Bxd3 {[%emt 0:00:06]} 12. Qxd3 {[%emt 0:00:09]} exd5 {[%emt 0:00:16]} 13. O-O {[%emt 0:00:56]} c4 {[%emt 0:06:31]} 14. Qc2 {[%emt 0:04:00]} Ne4 {[%emt 0:03:57]} 15. Nd2 {[%emt 0:01:05]} Nxd2 {[%emt 0:02:19]} 16. Bxd2 {[%emt 0:01:05]} Re8 {[%emt 0:04:01]} 17. Rfe1 {[%emt 0:04:36]} Na5 {[%emt 0:05:24]} 18. e4 {[%emt 0:06:36]} Nb3 {[%emt 0:04:02]} 19. Rad1 {[%emt 0:01:07]} Qd7 {[%emt 0:03:18]} 20. exd5 {[%emt 0:02:27]} Qxd5 {[%emt 0:01:06]} 21. Re3 {[%emt 0:01:55]} Rxe3 {[%emt 0:03:33]} 22. Bxe3 {[%emt 0:00:20]} Re8 {[%emt 0:01:58]} 23. Kf1 {[%emt 0:04:53]} Rd8 {[%emt 0:09:40]} 24. Re1 {[%emt 0:02:24]} Qa5 {[%emt 0:03:10]} 25. Bf4 {[%emt 0:07:11]} Qxa4 {[%emt 0:02:32]} 26. Qe4 {[%emt 0:00:16]} Qd7 {[%emt 0:03:03]} 27. d5 {[%emt 0:01:16]} h6 {[%emt 0:07:33]} 28. Rd1 {[%emt 0:03:57]} b5 {[%emt 0:01:34]} 29. d6 {[%emt 0:02:33]} Nc5 {[%emt 0:01:11]} 30. Qe7 {[%emt 0:03:32]} Nd3 {[%emt 0:01:21]} 31. Qxd7 {[%emt 0:05:25]} Rxd7 {[%emt 0:00:01]} 32. Bg3 {[%emt 0:00:12]} f5 {[%emt 0:00:37]} 33. f3 {[%emt 0:03:03]} a6 {[%emt 0:02:35]} 34. h3 {[%emt 0:01:33]} Kf7 {[%emt 0:01:36]} 35. Bh2 {[%emt 0:00:07]} f4 {[%emt 0:01:25]} 36. Rxd3 {[%emt 0:00:28]} cxd3 {[%emt 0:00:01]} 37. Bxf4 {[%emt 0:00:06]} g5 {[%emt 0:00:23]} 38. Bg3 {[%emt 0:00:17]} Ke6 {[%emt 0:00:14]} 39. Ke1 {[%emt 0:00:35]} Kd5 {[%emt 0:00:16]} 40. Kd2 {[%emt 0:00:05]} Kc4 {[%emt 0:00:08]} 41. Be5 {[%emt 0:30:31]} a5 {[%emt 0:30:29]} 42. h4 {[%emt 0:00:34]} gxh4 {[%emt 0:01:02]} 43. Kc1 {[%emt 0:00:33]} a4 {[%emt 0:00:13] normal} 0-1

[Event "GER-ch Youth U14 2019"]
[Site "Willingen"]
[Date "2019.06.09"]
[Round "2.18"]
[White "Straub, Benno"]
[Black "Bress, Aaron"]
[Result "0-1"]
[WhiteElo "1490"]
[BlackElo "1849"]
[Annotator "NA"]
[PlyCount "40"]
[EventDate "2019.06.07"]
[EventType "swiss"]
[EventRounds "9"]
[EventCountry "GER"]
[SourceTitle "playchess.com"]
[Source "ChessBase"]
[SourceQuality "1"]
[TimeControl "40/5400+30:1800+30"]

1. e4 {[%emt 0:00:00]} c5 {[%emt 0:00:00]} 2. c3 {[%emt 0:00:00]} Nf6 {[%emt 0:00:00]} 3. e5 {[%emt 0:00:00]} Nd5 {[%emt 0:00:05]} 4. Nf3 {[%emt 0:00:02]} g6 {[%emt 0:04:00]} 5. d4 {[%emt 0:00:42]} cxd4 {[%emt 0:00:20]} 6. cxd4 {[%emt 0:00:41]} Bg7 {[%emt 0:01:10]} 7. Bc4 {[%emt 0:00:33]} Nb6 {[%emt 0:01:43]} 8. Bb3 {[%emt 0:00:12]} O-O {[%emt 0:03:44]} 9. O-O {[%emt 0:00:54]} Nc6 {[%emt 0:03:20]} 10. Re1 {[%emt 0:00:34]} Na5 {[%emt 0:01:59]} 11. Bc2 {[%emt 0:01:46]} d6 {[%emt 0:04:34]} 12. h3 {[%emt 0:00:41]} dxe5 {[%emt 0:11:58]} 13. Nxe5 {[%emt 0:00:24]} Be6 {[%emt 0:12:45]} 14. b3 {[%emt 0:01:11]} Nd5 {[%emt 0:01:52]} 15. Bb2 {[%emt 0:01:32]} Rc8 {[%emt 0:00:31]} 16. Qd2 {[%emt 0:00:54]} Nc6 {[%emt 0:02:54]} 17. Nc3 {[%emt 0:02:44]} Nxe5 {[%emt 0:01:52]} 18. dxe5 {[%emt 0:00:13]} Nxc3 {[%emt 0:00:12]} 19. Bxc3 {[%emt 0:00:17]} Qxd2 {[%emt 0:00:17]} 20. Bxd2 {[%emt 0:00:05]} Rxc2 {[%emt 0:00:12] normal} 0-1

[Event "GER-ch Youth U14 2019"]
[Site "Willingen"]
[Date "2019.06.09"]
[Round "2.19"]
[White "Schauties, Nico Antonio"]
[Black "Kolmykov, Egor"]
[Result "1/2-1/2"]
[WhiteElo "1866"]
[BlackElo "1642"]
[Annotator "NA"]
[PlyCount "75"]
[EventDate "2019.06.07"]
[EventType "swiss"]
[EventRounds "9"]
[EventCountry "GER"]
[SourceTitle "playchess.com"]
[Source "ChessBase"]
[SourceQuality "1"]
[TimeControl "40/5400+30:1800+30"]

1. d4 {[%emt 0:00:00]} Nf6 {[%emt 0:00:00]} 2. Nf3 {[%emt 0:00:00]} g6 {[%emt 0:00:00]} 3. c4 {[%emt 0:00:15]} Bg7 {[%emt 0:00:30]} 4. Nc3 {[%emt 0:00:08]} d5 {[%emt 0:00:10]} 5. cxd5 {[%emt 0:01:19]} Nxd5 {[%emt 0:00:10]} 6. e4 {[%emt 0:00:58]} Nxc3 {[%emt 0:00:14]} 7. bxc3 {[%emt 0:00:09]} c5 {[%emt 0:00:20]} 8. Bb2 {[%emt 0:04:06]} O-O {[%emt 0:03:44]} 9. Be2 {[%emt 0:00:39]} Qc7 {[%emt 0:02:32]} 10. O-O {[%emt 0:01:14]} Rd8 {[%emt 0:00:20]} 11. Qb3 {[%emt 0:07:35]} Nc6 {[%emt 0:02:40]} 12. d5 {[%emt 0:05:40]} Na5 {[%emt 0:03:30]} 13. Qc2 {[%emt 0:01:33]} c4 {[%emt 0:00:59]} 14. Nd4 {[%emt 0:03:13]} a6 {[%emt 0:02:08]} 15. Ba3 {[%emt 0:05:37]} b5 {[%emt 0:06:49]} 16. Bb4 {[%emt 0:01:08]} Bb7 {[%emt 0:00:39]} 17. a4 {[%emt 0:01:37]} Bxd4 {[%emt 0:04:55]} 18. cxd4 {[%emt 0:02:14]} Nb3 {[%emt 0:01:09]} 19. Rad1 {[%emt 0:01:57]} a5 {[%emt 0:02:02]} 20. Ba3 {[%emt 0:00:26]} b4 {[%emt 0:04:44]} 21. Qxc4 {[%emt 0:02:05]} Qxc4 {[%emt 0:04:33]} 22. Bxc4 {[%emt 0:00:34]} Nxd4 {[%emt 0:02:07]} 23. Bb2 {[%emt 0:00:27]} Nc2 {[%emt 0:00:28]} 24. Rc1 {[%emt 0:09:08]} Na3 {[%emt 0:01:29]} 25. Be2 {[%emt 0:01:41]} Rac8 {[%emt 0:06:28]} 26. Bd3 {[%emt 0:12:45]} e6 {[%emt 0:03:38]} 27. Rxc8 {[%emt 0:03:36]} Bxc8 {[%emt 0:03:35]} 28. Rc1 {[%emt 0:04:29]} Bd7 {[%emt 0:02:47]} 29. Bf6 {[%emt 0:08:02]} Rc8 {[%emt 0:01:50]} 30. Rxc8+ {[%emt 0:03:28]} Bxc8 {[%emt 0:02:21]} 31. Bb5 {[%emt 0:00:21]} Nxb5 {[%emt 0:00:55]} 32. axb5 {[%emt 0:00:02]} Kf8 {[%emt 0:00:25]} 33. Kf1 {[%emt 0:02:27]} Ke8 {[%emt 0:01:00]} 34. Ke2 {[%emt 0:02:11]} exd5 {[%emt 0:01:07]} 35. exd5 {[%emt 0:00:22]} Bb7 {[%emt 0:00:13]} 36. f3 {[%emt 0:06:57]} Bxd5 {[%emt 0:00:28]} 37. Kd3 {[%emt 0:00:19]} Kd7 {[%emt 0:01:34]} 38. Kd4 {[%emt 0:01:32] normal} 1/2-1/2

[Event "GER-ch Youth U14 2019"]
[Site "Willingen"]
[Date "2019.06.09"]
[Round "2.20"]
[White "Roste, Hugo"]
[Black "Weidenhoefer, Max"]
[Result "1-0"]
[WhiteElo "1287"]
[BlackElo "1787"]
[Annotator "NA"]
[PlyCount "117"]
[EventDate "2019.06.07"]
[EventType "swiss"]
[EventRounds "9"]
[EventCountry "GER"]
[SourceTitle "playchess.com"]
[Source "ChessBase"]
[SourceQuality "1"]
[TimeControl "40/5400+30:1800+30"]

1. d4 {[%emt 0:00:00]} d5 {[%emt 0:00:00]} 2. Nf3 {[%emt 0:00:00]} Nf6 {[%emt 0:00:00]} 3. c4 {[%emt 0:00:16]} c6 {[%emt 0:01:20]} 4. Nc3 {[%emt 0:00:30]} dxc4 {[%emt 0:02:04]} 5. a4 {[%emt 0:00:51]} Na6 {[%emt 0:00:42]} 6. e3 {[%emt 0:02:38]} Bg4 {[%emt 0:09:17]} 7. Bxc4 {[%emt 0:02:56]} e6 {[%emt 0:00:18]} 8. O-O {[%emt 0:01:43]} Nb4 {[%emt 0:04:25]} 9. Qe2 {[%emt 0:07:01]} Be7 {[%emt 0:02:51]} 10. Rd1 {[%emt 0:03:51]} O-O {[%emt 0:05:01]} 11. e4 {[%emt 0:03:46]} Qc7 {[%emt 0:10:24]} 12. Bg5 {[%emt 0:12:04]} Rfd8 {[%emt 0:02:32]} 13. h3 {[%emt 0:04:17]} Bxf3 {[%emt 0:05:19]} 14. gxf3 {[%emt 0:01:52]} Nh5 {[%emt 0:03:24]} 15. Bxe7 {[%emt 0:02:37]} Qxe7 {[%emt 0:00:02]} 16. Rac1 {[%emt 0:02:37]} Qf6 {[%emt 0:07:28]} 17. Qe3 {[%emt 0:04:13]} Nf4 {[%emt 0:04:29]} 18. Kh2 {[%emt 0:02:30]} Qh4 {[%emt 0:00:27]} 19. Bf1 {[%emt 0:01:22]} Rd6 {[%emt 0:04:50]} 20. Ne2 {[%emt 0:08:11]} Nxe2 {[%emt 0:05:56]} 21. Bxe2 {[%emt 0:00:20]} f5 {[%emt 0:01:22]} 22. Kg2 {[%emt 0:05:22]} Rf8 {[%emt 0:13:25]} 23. Bc4 {[%emt 0:07:05]} Qe7 {[%emt 0:07:47]} 24. Qb3 {[%emt 0:07:28]} a5 {[%emt 0:02:07]} 25. e5 {[%emt 0:04:15]} Rdd8 {[%emt 0:01:14]} 26. Bxe6+ {[%emt 0:01:45]} Kh8 {[%emt 0:00:01]} 27. f4 {[%emt 0:01:32]} Nd5 {[%emt 0:01:26]} 28. Bxd5 {[%emt 0:01:02]} Rxd5 {[%emt 0:00:02]} 29. Qe3 {[%emt 0:01:42]} Rfd8 {[%emt 0:00:11]} 30. Rc2 {[%emt 0:02:15]} Qd7 {[%emt 0:01:14]} 31. Rcd2 {[%emt 0:03:13]} Kg8 {[%emt 0:01:53]} 32. Kf1 {[%emt 0:01:06]} Kf7 {[%emt 0:00:39]} 33. Ke2 {[%emt 0:00:48]} Qe6 {[%emt 0:00:56]} 34. Rc1 {[%emt 0:01:39]} R5d7 {[%emt 0:00:56]} 35. Rc5 {[%emt 0:01:13]} Rd5 {[%emt 0:00:49]} 36. Rxd5 {[%emt 0:00:42]} Qxd5 {[%emt 0:00:08]} 37. b3 {[%emt 0:00:51]} Ke6 {[%emt 0:00:34]} 38. Qd3 {[%emt 0:00:28]} Rd7 {[%emt 0:01:04]} 39. Qc4 {[%emt 0:00:59]} Rd8 {[%emt 0:00:27]} 40. Qxd5+ {[%emt 0:00:17]} Kxd5 {[%emt 0:00:08]} 41. Ke3 {[%emt 0:30:22]} b6 {[%emt 0:31:42]} 42. Rb2 {[%emt 0:00:54]} Ke6 {[%emt 0:00:00]} 43. b4 {[%emt 0:00:00]} axb4 {[%emt 0:00:00]} 44. Rxb4 {[%emt 0:00:00]} Rb8 {[%emt 0:00:00]} 45. Rb1 {[%emt 0:00:00]} Rb7 {[%emt 0:00:00]} 46. Kd3 {[%emt 0:00:00]} h6 {[%emt 0:00:00]} 47. Kc4 {[%emt 0:00:00]} Ra7 {[%emt 0:00:00]} 48. Rxb6 {[%emt 0:00:00]} Rxa4+ {[%emt 0:00:00]} 49. Kc5 {[%emt 0:00:00]} Ra5+ {[%emt 0:00:00]} 50. Kb4 {[%emt 0:00:00]} Ra1 {[%emt 0:00:00]} 51. Rxc6+ {[%emt 0:00:00]} Kd7 {[%emt 0:00:00]} 52. Rg6 {[%emt 0:00:00]} Rd1 {[%emt 0:00:00]} 53. Rxg7+ {[%emt 0:00:00]} Kd8 {[%emt 0:00:00]} 54. Kc5 {[%emt 0:00:00]} Ra1 {[%emt 0:00:00]} 55. Kd6 {[%emt 0:00:00]} Ra6+ {[%emt 0:00:00]} 56. Kd5 {[%emt 0:00:00]} Ke8 {[%emt 0:00:00]} 57. e6 {[%emt 0:00:00]} h5 {[%emt 0:00:00]} 58. Ke5 {[%emt 0:00:00]} Ra5+ {[%emt 0:00:00]} 59. d5 {[%emt 0:00:00] normal} 1-0

[Event "GER-ch Youth U14 2019"]
[Site "Willingen"]
[Date "2019.06.09"]
[Round "2.21"]
[White "Bornholdt, Joa Max"]
[Black "Wildermuth, Nikolas Karl"]
[Result "1-0"]
[WhiteElo "1754"]
[BlackElo "1748"]
[Annotator "NA"]
[PlyCount "105"]
[EventDate "2019.06.07"]
[EventType "swiss"]
[EventRounds "9"]
[EventCountry "GER"]
[SourceTitle "playchess.com"]
[Source "ChessBase"]
[SourceQuality "1"]
[TimeControl "40/5400+30:1800+30"]

1. d4 {[%emt 0:00:00]} d6 {[%emt 0:00:00]} 2. e4 {[%emt 0:00:25]} g6 {[%emt 0:00:00]} 3. c4 {[%emt 0:01:44]} Nf6 {[%emt 0:00:03]} 4. Nc3 {[%emt 0:00:06]} Bg7 {[%emt 0:00:07]} 5. Nf3 {[%emt 0:00:06]} O-O {[%emt 0:00:06]} 6. Be2 {[%emt 0:01:06]} e5 {[%emt 0:00:53]} 7. dxe5 {[%emt 0:02:02]} dxe5 {[%emt 0:00:15]} 8. O-O {[%emt 0:01:31]} c6 {[%emt 0:03:53]} 9. Qc2 {[%emt 0:00:37]} Qc7 {[%emt 0:01:12]} 10. h3 {[%emt 0:00:38]} h6 {[%emt 0:02:52]} 11. Be3 {[%emt 0:02:00]} Be6 {[%emt 0:01:58]} 12. Rac1 {[%emt 0:04:21]} Nbd7 {[%emt 0:05:25]} 13. Nd2 {[%emt 0:02:53]} Ne8 {[%emt 0:04:49]} 14. c5 {[%emt 0:06:13]} f5 {[%emt 0:05:21]} 15. f3 {[%emt 0:03:42]} f4 {[%emt 0:00:51]} 16. Bf2 {[%emt 0:00:02]} g5 {[%emt 0:01:21]} 17. Rfd1 {[%emt 0:04:23]} Rf6 {[%emt 0:01:12]} 18. Bc4 {[%emt 0:01:26]} Bxc4 {[%emt 0:01:20]} 19. Nxc4 {[%emt 0:00:13]} Rc8 {[%emt 0:02:16]} 20. Rd3 {[%emt 0:05:43]} Bf8 {[%emt 0:03:00]} 21. b4 {[%emt 0:03:36]} Rg6 {[%emt 0:02:35]} 22. Rxd7 {[%emt 0:04:47]} Qxd7 {[%emt 0:00:43]} 23. Nxe5 {[%emt 0:00:30]} Qg7 {[%emt 0:00:56]} 24. Nxg6 {[%emt 0:00:30]} Qxg6 {[%emt 0:00:04]} 25. Ne2 {[%emt 0:03:22]} Rc7 {[%emt 0:05:21]} 26. Qc4+ {[%emt 0:04:21]} Kh7 {[%emt 0:02:23]} 27. Nd4 {[%emt 0:02:07]} Rd7 {[%emt 0:03:41]} 28. a4 {[%emt 0:10:19]} h5 {[%emt 0:05:40]} 29. Kf1 {[%emt 0:04:01]} Nf6 {[%emt 0:05:59]} 30. b5 {[%emt 0:07:59]} Ng8 {[%emt 0:06:05]} 31. Ke2 {[%emt 0:05:02]} Re7 {[%emt 0:02:55]} 32. Rd1 {[%emt 0:03:08]} Nh6 {[%emt 0:03:07]} 33. Kd2 {[%emt 0:03:20]} Nf7 {[%emt 0:01:56]} 34. Kc1 {[%emt 0:01:39]} Ne5 {[%emt 0:01:09]} 35. Qb3 {[%emt 0:00:15]} Re8 {[%emt 0:03:26]} 36. Nf5 {[%emt 0:02:05]} cxb5 {[%emt 0:03:48]} 37. axb5 {[%emt 0:00:37]} Qg8 {[%emt 0:06:49]} 38. Qxg8+ {[%emt 0:01:22]} Kxg8 {[%emt 0:00:02]} 39. Kb2 {[%emt 0:01:13]} Rc8 {[%emt 0:02:19]} 40. Rd5 {[%emt 0:03:52]} Nf7 {[%emt 0:11:11]} 41. Kb3 {[%emt 0:35:19]} Kh7 {[%emt 0:03:47]} 42. Rd7 {[%emt 0:00:00]} Kg6 {[%emt 0:00:20]} 43. Rxb7 {[%emt 0:00:00]} Bxc5 {[%emt 0:00:36]} 44. Bxc5 {[%emt 0:00:00]} Rxc5 {[%emt 0:00:03]} 45. Kb4 {[%emt 0:00:00]} Rc2 {[%emt 0:00:50]} 46. Rxa7 {[%emt 0:00:00]} Rxg2 {[%emt 0:00:15]} 47. b6 {[%emt 0:00:00]} Rb2+ {[%emt 0:00:21]} 48. Kc5 {[%emt 0:00:00]} g4 {[%emt 0:00:48]} 49. hxg4 {[%emt 0:00:00]} hxg4 {[%emt 0:00:07]} 50. fxg4 {[%emt 0:00:00]} Ne5 {[%emt 0:00:55]} 51. Rg7+ {[%emt 0:00:00]} Kf6 {[%emt 0:00:18]} 52. g5+ {[%emt 0:00:00]} Ke6 {[%emt 0:00:05]} 53. Nd4# {[%emt 0:00:00] normal} 1-0